Ekonomické rozhľady vedecký časopis Ekonomickej univerzity v Bratislave

Uložené v:
Podrobná bibliografia
Médium: Seriál
Jazyk:Slovak
Vydavateľské údaje: Bratislava Ekonomická univerzita v Bratislave 2021
Predmet:
Tagy: Pridať tag
Žiadne tagy, Buďte prvý, kto otaguje tento záznam!

MARC

LEADER 00000nas2a2200000 4500
001 0303732
005 20240821123135.9
022 |a 0323-262X 
041 0 |a slo 
044 |a SK 
245 1 0 |a Ekonomické rozhľady  |b vedecký časopis Ekonomickej univerzity v Bratislave 
264 1 |a Bratislava  |b Ekonomická univerzita v Bratislave  |c 2021 
773 0 |w eu_un_cat*s120044 
610 2 0 |a veda ekonomická 
610 2 0 |a teórie ekonomické 
610 2 0 |a Ekonomická univerzita v Bratislave